Les champions d’arène et conseil 4 de la 1 ere génération Pokémon. - Statistiques

Statistiques générales
  • Ce quiz a été pris 236 fois
  • Le résultat moyen est 11 sur 13
Statistiques - réponses
Hint Réponse % Correct
Eau Ondine
100%
Roche Pierre
100%
Electrique Major Bob
95%
Rival Blue
93%
Dragon Peter
91%
Sol Giovanni
90%
Poison Koga
83%
Plante Erika
82%
Psy Morgane
82%
Feu Auguste
81%
Combat Aldo
79%
Glace Olga
69%
Spectre Agatha
66%
Aucun quiz correspondant
Distribution des résultats
% des personnes avec chaque résultat
Percentile par nombre de réponses
Votre historique - résultats
Vous n’avez pas pris ce quiz